000
00209 a2200109 4500
020
_a
9788441421820
041
_a
spa
100
_a
Miguel Capo
245
_a
Desafios para tu Mente
942
_c
BK
952
_7
1
999
_c
24191
_d
24191